000 00290nam a2200109Ia 4500
001 587488
005 20250717113817.0
008 250717s9999 xx 000 0 und d
245 0 _aX-9 GEÇMİŞTEN GÜNÜMÜZE YÜN
_cCHRISTIN DITCHFIELD
260 _bTÜBİTAK YAYINLARI
_c2015
300 _b20
999 _c587488
_d587488